000 01122cam a2200229 4500
001 WS122025
008 030416n 000 0 eng u
035 _a(Sirsi) u122025
110 _aReal Estate Council of Ontario
_94444
245 _aReal Estate Council of Ontario
520 _aWeb site for this organisation which administers the Real Estate and Business Brokers Act on behalf of the Ontario Ministry of Consumer and Business Services. It administers the regulatory requirements of the real estate industry in Ontario and protect consumers and its members. Includes links to its bylaws and code of ethics, the ability to search for a member and consumer pages on how to buy a house.
650 _aCANADA
650 _aINTERNATIONAL
650 _aORGANISATION
650 _aBYLAWS
650 _aCODE OF ETHICS
650 _aREAL ESTATE AND BUSINESS BROKERS ACT
650 _aPROPERTY-RESIDENTIAL PROPERTY-ACQUISITION AND DISPOSAL OF RESIDENTIAL PROPERTY
690 _aPROPERTY AND LAND LAW-AGENCY
856 4 0 _uhttps://www.reco.on.ca
_zView the website free of charge at www.reco.on.ca...
942 _n0
999 _c120277
_d120277